000 01797nam a2200361 i 4500
003 DO-SdBNP
005 20260508083256.0
006 a||||er|||| 00| 0
007 ta
008 230703e2020 dr a|||| |||| 00| j spa d
020 _a9789945616606
040 _aDO-SdBNP
_bspa
_cBNPHU
_erda
082 1 _222
_bM238p
245 0 0 _aMalas palabras y otros cuentos. /
_cKatherin Natividad...[y otros]; fotografía de portada: Nelson Guzmán.
264 4 _aSanto Domingo :
_bFunglode,
_c©2020
300 _a75 páginas ;
_c23 cm
336 _2rdaconten
_atexto
_btxt
337 _2rdamedia
_asin medición
_bn
338 _2rdacarrier
_avolumen
_bnc
500 _aFotografía de portada: Presa de Higüey, foto de Nelson Guzmán, primer lugar en la categoría Dron del Premio Funglode de Fotografías Rodríguez Urdaneta 2019.
505 _aPrimer lugar.
_rMalas Palabras. /
_rKatherine Natividad.--
_gSegundo lugar. /
_tMujer de las Antillas. /
_rEsdras Santana.--
_gTercer lugar.
_tQuiero vender este reloj. /
_rJhaky Valcourt.--
_gMenciones.
_tEn el umbral de las memorias. /
_rRafi Sánchez.--
_tLa misión. /
_rValentín Amaro.--
_tBasura. /
_rPatricia Otero.
586 _aPremio Funglode de Cuento Juan Bosch 2019
590 _aInventariado 2023 / MF
700 1 _aNatividad, Katherine
_983661
_eautora
_tMalas Palabras.
700 1 _aSantana, Esdras
_983662
_eautor
_tMujer de las Antilla.
700 _aValcourt, Jhak
_eautor
_tQuiero Vender este Reloj.
_983663
700 1 _aSánchez, Rafi,
_983664
_eautor
_tEn el umbral de las memorias.
700 1 _912295
_aAmaro, Valentín
_eautor
_tLa misión
700 1 _aOtero, Patricia
_983665
_eautora
_tBasura.
700 1 _917133
_aGuzman, Nelson,
_efotografía de portada
710 2 _aFundación Global Democracía y Desarrollo
_925477
942 _2ddc
_cLBS1
999 _c54048
_d54048